Antwoorden met de letter S - Statistieken

Algemene statistieken
  • Deze quiz is 8 keer genomen
  • De gemiddelde score is 4 van 20
Antwoordstatistieken
Hint Antwoord % Correct
Voormalige naam van Eswatini Swaziland
75%
Eerste satelliet in baan om aarde Spoetnik 1
38%
Gitarist van Bon Jovi Richie Sambora
25%
Heilig Sacraal
25%
Breuklijn bij de Californische kust San Andreasbreuk
25%
Eiland dat als mogelijke locatie van Atlantis wordt genoemd Santorini
25%
Gas dat gebruikt is bij de aanslag op de metro van Tokyo in 1995 Sarin
25%
Oesophagus Slokdarm
25%
Creoolse taal uit Suriname Sranantongo
25%
1 van de 11 steden in de Elfstedentocht Stavoren
25%
Het meisje met het rode haar Hannie Schaft
13%
Oudindisch Sanskriet
13%
Vakgebied van Charles Richter Seismologie
13%
Zelfmoord van Samoerai Seppuku
13%
Gebergte in westen van de VS Sierra Nevada
13%
1600 (Klassieke Nederlandse Quizvraag) Slag bij Nieuwpoort
13%
Middel dat als luchtwegverwijder dient Salbutamol
0%
De Divinorum variant van dit kruid kan hallucinaties veroorzaken Salvia
0%
Berg hoger dan 8000 meter geheel gelegen in Nepal Shishapangma
0%
Niet-reproductieve sex Sodomie
0%
Geen overeenkomende quizzen gevonden
Scoreverdeling
Procent van Mensen met Elke Score
Percentiel versus Aantal Correcte Antwoorden
Uw Scoregeschiedenis
U heeft deze quiz nog niet genomen